000 00205nam a2200085Ia 4500
008 180219s9999 xx 000 0 und d
100 _aMohan G Aruna M
245 0 _aEducational Psychology
260 _a"New Delhi
260 _c Neelkamal"
999 _c41394
_d41394